Flags of the World by Horizontal Stripes - Statistics

General Stats
  • This quiz has been taken 3,223 times
    3,142 since last reset
  • The average score is 43 of 82
Answer Stats
Picture Answer % Correct
United States
98%
Greece
92%
Israel
91%
Norway
88%
Iceland
87%
Liberia
86%
Finland
85%
Malaysia
84%
Uruguay
83%
San Marino
81%
Denmark
79%
Spain
79%
Argentina
75%
India
75%
Syria | Iraq | Egypt
75%
Nicaragua
74%
El Salvador
72%
Azerbaijan
68%
Eswatini
68%
Uzbekistan
68%
Honduras
67%
Libya
67%
Niger
67%
Uganda
66%
Sweden
62%
Ecuador
61%
South Africa
61%
Lebanon
60%
North Korea
60%
Serbia
57%
Kenya
56%
Zimbabwe
56%
Angola
55%
Cape Verde
55%
Georgia
55%
Venezuela
55%
Cambodia
53%
Rwanda
53%
Slovakia
53%
Slovenia
53%
Suriname
51%
Bahamas
50%
Dominica
50%
Laos
50%
Liechtenstein
50%
Nauru
49%
Haiti
48%
Lesotho
48%
Malawi
48%
Mozambique
48%
Belize
47%
Vanuatu
47%
Central African Republic
46%
Togo
46%
Cuba
45%
Belarus
44%
Iran
44%
Tajikistan
43%
Comoros
42%
Mauritania
42%
Singapore
42%
Burkina Faso
41%
Oman
41%
Sudan
40%
Paraguay
37%
Myanmar
35%
Djibouti
32%
Madagascar
30%
Sao Tome & Principe
30%
Croatia
29%
Ghana
29%
South Sudan
25%
Ethiopia
24%
Jordan
23%
United Arab Emirates
20%
Equatorial Guinea
19%
Czech Republic
17%
Guinea-Bissau
17%
Kuwait
17%
Chile
14%
Benin
12%
Philippines
11%
No matching quizzes found
Score Distribution
Percent of People with Each Score
Percentile by Number Answered
Your Score History
You have not taken this quiz since the last reset